000
00259nam a22001097a 4500
082
_a
621.38835 SJO'A
100
_a
SJOBBEMS, D. J. W
_9
56652
245
_a
AERIALS TV AND FM RECEIVING AERIALS
260
_a
LONDON
_b
ILIFFE
_c
1964
300
_a
110P
942
_c
BK
999
_c
567024
_d
567024